000 00343nam a2200157Ia 4500
100 _aShiv Kumar
650 _aThermal engineering
942 _cBK
366 _f27
245 _aFundamentals of Thermal Engineering
260 _bAne Books
_c2012
082 _a621.402
_bSHI
300 _a720
546 _aENGLISH
_cInfo.Tech
999 _c30717
_d30717